Beyond the debt crisis : structural transformations : (Record no. 615)

MARC details
000 -LEADER
fixed length control field 005950000a22001570004500
005 - DATE AND TIME OF LATEST TRANSACTION
control field 20240203105249.0
008 - FIXED-LENGTH DATA ELEMENTS--GENERAL INFORMATION
fixed length control field 230817t ||||| |||| 00| 0 eng d
082 ## - DEWEY DECIMAL CLASSIFICATION NUMBER
Classification number 336.34
Item number INT
942 ## - ADDED ENTRY ELEMENTS (KOHA)
Item Type Reports
110 ## - MAIN ENTRY--CORPORATE NAME
Corporate Name International Women's Seminar
245 ## - TITLE STATEMENT
Title Beyond the debt crisis : structural transformations :
Sub Title final report, International Women's Seminar, 23-25 April 1990, New York
260 ## - PUBLICATION, DISTRIBUTION, ETC. (IMPRINT)
Place of Publication New York :
Name of Publisher United Nations,
Date of Copyright [1991]
300 ## - PHYSICAL DESCRIPTION
Extent 83 p. ; 22 cm
Physical Details Bibliography included
650 ## - SUBJECT ADDED ENTRY--TOPICAL TERM
Topical Term Debts, External- Developing countries
650 ## - SUBJECT ADDED ENTRY--TOPICAL TERM
Topical Term Women- Developing countries -Economic conditions
Holdings
Withdrawn status Lost status Source of classification or shelving scheme Damaged status Not for loan Permanent location Current location Date acquired Total Checkouts Full call number Barcode Date last seen Price effective from Koha item type
    Dewey Decimal Classification     Resource center, Muslim Women's Research And Action Forum Resource center, Muslim Women's Research And Action Forum 2023-11-02   336.34 INT RAF1222 2023-11-02 2023-11-02 Reports

Copyright © 2023 Muslim Women's Research and Action Forum (MWRAF), No 27/3, Anderson Road, Kalubowila, Dehiwela. Funded by The Asia Fundation